Almanaque mundial de Selecciones 1956 /

-д хадгалсан:
Номзүйн дэлгэрэнгүй
Бусад зохиолчид: Cárdenas, Eduardo (dir.) Удирдагч
Формат: Ном
Хэл сонгох:испани
Хэвлэсэн: México : Reader's Digest, 1956, c1956
Нөхцлүүд:
Шошгууд: Шошго нэмэх
Шошго байхгүй, Энэхүү баримтыг шошголох эхний хүн болох!

MARC

LEADER 00000nam^a2200000^a^4500
001 000298195
005 20250521000000.0
008 071114 19561956
009 20260310112400.964
037 |a Acervo Xavier Clavigero 
041 |a ESP 
082 |a 036. 1  |b SEL 1956 
100 |a Cárdenas, Eduardo  |e (dir.) 
240 1 1 |a [Almanaque mundial de Selecciones] 
245 1 0 |a Almanaque mundial de Selecciones 1956 /  |c Dir. de E. Cárdenas. 
264 4 |a México :  |b Reader's Digest,  |c 1956, c1956 
300 |a 384 p. 
336 |a texto  |b txt  |2 rdacontenido 
337 |a sin mediación  |b n  |2 rdamedio 
338 |a volumen  |b nc  |2 rdasoporte 
649 |a XX 
650 |a Almanaques -  |x Tema Principal 
650 |a Anuarios 
650 |a Cronología Histórica -  |y 1950-1959 -  |x Tema Principal 
650 |a Cronología Histórica -  |y Siglo XX 
650 |a Geografía Política 
650 |a Economía Internacional 
650 |a Política Internacional 
650 |a Historia Moderna -  |y Siglo XX 
650 |a Historia Universal 
910 |a Fondo General 
920 |a Impresos - Libros 
930 |a Obras de Referencia 
905 |a 102 
901 |a 050154  |b IT2  |c REF  |u 20250521 
902 |a https://opac.biblio.iteso.mx/vufind/Record/000298195